Datum a čas kvízu

22 Celkem bodů Celkový počet nahraných bodů na tomto kvízu bez doplňovacích otázek.
3. Pořadí na kvízu Konečné umístění týmu na tomto kvízu.

Zaznamenané odpovědi

# Otázka Odpověď Body Výsledky
1. Veterináři po 20 letech zjisti... 0
2. Anglická motoristická žurnalis... 0
3. Česká televize v loňském roce... 1
4. Ministerstvo dopravy vybralo v... 0
5. Minulý týden se začala prodáva... 1
6. Vzpomeňme v tomto tématu na zř... 1
7. Vyberte nepravdivé tvrzení o F... 1
8. Ze kterého Formanova filmu je... 1
9. „Ježíši Kriste, přechytračil j... 1
10. V roce 1979 natočil Miloš Form... 0